000 00222 a2200097 4500
001 25639
100 _aYule, G U
245 _aIntroduction to the theory of statistics
260 _a
_bGriffin
_c1968
090 _c17333
_d17333
942 _aNUST-CAE
_cM
_c8151
999 _c260712
_d260712